Discursos leídos ante la Academia de la Historia, (Record no. 170736)
[ view plain ]
| 000 -LEADER | |
|---|---|
| campo de control de longitud fija | 01272nam a2200169 i 4500 |
| 001 - NÚMERO DE CONTROL | |
| campo de control | 170736 |
| 003 - IDENTIFICADOR DE NÚMERO DE CONTROL | |
| campo de control | ES-MaACL |
| 005 - FECHA Y HORA DE LA ÚLTIMA TRANSACCIÓN | |
| campo de control | 20230906214440.0 |
| 008 - DATOS DE LONGITUD FIJA--INFORMACIÓN GENERAL | |
| campo de control de longitud fija | 090401s18741876sp |||| | spa d |
| 080 ## - NÚMERO DE LA CLASIFICACIÓN DECIMAL UNIVERSAL | |
| Número de la Clasificación Decimal Universal | 94(460) |
| 110 2# - ENTRADA PRINCIPAL--NOMBRE DE ENTIDAD CORPORATIVA | |
| Nombre de entidad corporativa o nombre de jurisdicción como elemento de entrada | Real Academia de la Historia (España) |
| 9 (RLIN) | 6309 |
| 245 10 - MENCIÓN DEL TÍTULO | |
| Título | Discursos leídos ante la Academia de la Historia, |
| Fechas extremas/inclusivas | 1874-1876 / |
| Mención de responsabilidad, etc. | Real Academia de la Historia. |
| 260 ## - PUBLICACIÓN, DISTRIBUCIÓN, ETC. | |
| Lugar de publicación, distribución, etc. | Madrid : |
| Nombre del editor, distribuidor, etc. | [s.n.], |
| Fecha de publicación, distribución, etc. | 1874 ( |
| Fabricante | Imp. de José Rodríguez) |
| 300 ## - DESCRIPCIÓN FÍSICA | |
| Extensión | 1 v. ; |
| Dimensiones | 27 cm. |
| 505 8# - NOTA DE CONTENIDO CON FORMATO | |
| Nota de contenido con formato | Contiene: Elogio del doctor Alonso Díaz de Montalvo / Fermín Caballero (46 p.).Historia de la Academia de la Historia / Vicente Barrantes (95 p.). D. Carlos Coloma / Alejandro Llorente (113 p.). Contestación / Marqués de Molins (p. 115-144). Antiguas vías de comunicacioón / Francisco Coello y Quesada (53 p.). Contestación / José Gómez Arteche (p. 56-96). Civilización española / Fernando Corradi (43 p.). Contestación / Cayetano Rosell (p. 45-69). Alfonso de Palencia / Antonio María Fabié (104p.). Contestación / Juan Facundo Riaño (p. 106-121). De la literatura catalana / Víctor Balaguer (59 p.). Contestación / José Amador de los Ríos (p. 61-85). Saavedra Fajardo / Fernando Carradi (42 p.). |
| 852 ## - LOCALIZACIÓN | |
| Ubicación | ES-MaACL |
| Número de control de estantería | K-121 |
| Nota libre | - Enc. pasta española |
| Estatus retirado | Estado de pérdida | Estado de daño | No para préstamo | Colección | Biblioteca de origen | Biblioteca actual | Ubicación en estantería | Fecha de adquisición | Total de préstamos | Signatura topográfica completa | Código de barras | Visto por última vez | Precio de reemplazo | Tipo de ítem Koha |
|---|---|---|---|---|---|---|---|---|---|---|---|---|---|---|
| Libros del s. XIX | Biblioteca del Ateneo de Madrid | Biblioteca del Ateneo de Madrid | Administración | 01/04/2009 | K-121 | 1179180 | 23/02/2023 | 23/02/2023 | Libro impreso antiguo |
